The ladder of success in Imperial China : Aspects of social mobility, 1368-1911

Đã lưu trong:
书目详细资料
主要作者: Ho, Ping-ti
格式: 图书
语言:Undetermined
出版: New York Da Capo Press 1971
主题:
标签: 添加标签
没有标签, 成为第一个标记此记录!
Thư viện lưu trữ: Trung tâm Học liệu Trường Đại học Cần Thơ
LEADER 00558nam a2200205Ia 4500
001 CTU_89955
008 210402s9999 xx 000 0 und d
082 |a 301.44 
082 |b H678 
100 |a Ho, Ping-ti 
245 4 |a The ladder of success in Imperial China : 
245 0 |b Aspects of social mobility, 1368-1911 
245 0 |c Ping-ti Ho 
260 |a New York 
260 |b Da Capo Press 
260 |c 1971 
650 |a Áocial mobility 
650 |z China 
904 |i Bằng,Hải 
980 |a Trung tâm Học liệu Trường Đại học Cần Thơ